000 00618nam a2200193Ia 4500
008 151121s9999||||xx |||||||||||||| ||und||
082 _a929/टिळक
082 _bHNW-36463
100 _aटिळक अशोक देवदत्त
245 _aशांतिसदन
260 _b"टिळक शांतिसदन, नाशिक"
260 _c--
300 _a62
600 _aटिळक अशोक देवदत्त
630 _aशांतिसदन
700 _aटिळक अशोक देवदत्त
730 _aशांतिसदन
942 _cBOOK
999 _c1228346
_d1228343